|
|
|
|
| LEADER |
00000nab a2200000 a 4500 |
| 001 |
vtls000747292 |
| 003 |
SK-MaSNL |
| 005 |
20260302191726.0 |
| 008 |
180206c2001 xo 0 slo |
| 015 |
|
|
|a SNBRB2001/02-05834
|
| 035 |
|
|
|a CLN000099122
|
| 040 |
|
|
|a SNKBUCL
|b slo
|c SNKBUCL
|e AACR2
|
| 041 |
0 |
|
|a slo
|
| 044 |
|
|
|a xo
|c SK
|
| 080 |
|
|
|a 796.323.093.1
|2 UDC-MRF-SK2
|
| 245 |
0 |
0 |
|a UMB potrápila hráčky SCP Ružomberok
|b 1. liga basketbalistiek - 9. kolo v A-skupine: Košice stále bez víťazstva
|
| 300 |
|
|
|b Fotogr.
|
| 650 |
0 |
7 |
|a basketbal
|x ženy
|x liga 1.
|y sezóna 2000/2001
|x kolo 9.
|2 snkbucl
|9 907720
|
| 655 |
|
7 |
|a články z novín a časopisov
|2 snkbucl
|9 267496
|
| 773 |
0 |
|
|t Šport
|g Roč. 55, č. 29 (5.2.2001), s. 25
|
| 850 |
|
|
|a Slovenská národná knižnica v Martine
|
| 852 |
|
|
|a SNK
|b KIS3GCP
|
| 958 |
|
|
|a RBX
|
| 999 |
|
|
|c 1438310
|d 1440240
|